000 00501nam a2200169Ia 4500
999 _c27913
_d27913
003 OSt
005 20210206104242.0
008 190216s9999||||xx |||||||||||||| ||und||
040 _coclc
082 _a923.254
_bNAI/G
100 _aNair, Bheeman K
_9132
245 0 _aGandhiji Navakhaliyil /
_cK Bheeman Nair
260 _bKerala Gandhi Smaraka Samithi,
_aThiruvananthapuram:
_c1995
300 _a45p
650 _aMalayalam
942 _cBK
_2ddc
_h923.254
_iNAI/G
_k923.254
_mNAI/G